000 00303nam a2200121Ia 4500
008 230524s9999 xx 000 0 und d
100 _aMyke Predko
245 0 _aProgramming and Costomizing The PIC Microcontroller
260 _bTMH
500 _aQuantity Number: 6
650 _aComp-Sc
942 _cBK
999 _c50114
_d50114